| 000 | 01234cam a22001934a 4500 | ||
|---|---|---|---|
| 005 | 20250605163951.0 | ||
| 008 | 250528s ||||||||||||||||||||||||d | ||
| 035 | _a15376 | ||
| 020 | _a761906320 | ||
| 040 |
_aGR-AtMCL _bgre _dGR-AtMCL _eAACR2 |
||
| 245 | 1 | _aImages of Organization / New Edition of the International Best Seller | |
| 260 |
_bSage Publications, _c1997 |
||
| 300 | _a486 | ||
| 520 | _aA Provocative new book on how we can see, understand, and manage organizations in new ways. An Overview, Introduction, Some Images of Organization, Mechanization Takes Command: Organizations as Machines, Nature Intervenes: Organizations as Organism, Learning and Self-Organization: Organizations as Brains, Creating Social Reality: Organizations as Cultures, Interests and Conflict and Power: Organizations as Political Systems, Exploring Plato's Cave: Organizations as Psychic Prisons, Unfolding Logics of Change: Organization as Flux and Transformation, The Ugly Face: Organizations as Instruments of Domination, Implications of Practice, The Challenge of Metaphor, Reading and Shaping Organizational Life, Postscript, Bibliography, Index. | ||
| 700 | 1 |
_aMorgan Gareth _9608 |
|
| 942 | _cBK | ||
| 999 |
_c962 _d962 |
||